000 00806nam a22002657a 4500
003 0
005 20180801160358.0
008 0
010 _aA-997651
020 _a8172233248
_c00.00
035 _aA-997651, A-997653
037 _bCen Lib/Ret
040 _aDPL
_bEN
_c0
082 _a080
_bBES
245 _a100 best pre-independence speech, 1870-1947 /
_cedited by H. D. Sharma
246 _b
260 _bHarperCollins
_c1998
_aNew Delhi
270 _bNew Delhi
_a7/16, Ansari Road, Darya Ganj
_e110002
300 _axiii,480p.
_c23cm(Hb)
500 _aIncludes index
650 _aIndia -- Politics and government -- 1857-1919
_926494
650 _aIndia -- Politics and government -- 1919-1947
_941217
700 _aSharma, H. D.
_939811
942 _2ddc
_cEN
_h080
_mBES
999 _c134605
_d134605